Dempsey / (Record no. 212)

MARC details
000 -LEADER
fixed length control field 00794cam a2200265 i 4500
005 - DATE AND TIME OF LATEST TRANSACTION
control field 20260322212010.0
008 - FIXED-LENGTH DATA ELEMENTS--GENERAL INFORMATION
fixed length control field data
010 ## - LIBRARY OF CONGRESS CONTROL NUMBER
LC control number 76026220
020 ## - INTERNATIONAL STANDARD BOOK NUMBER
International Standard Book Number 0060110546 :
Terms of availability {dollar}12.50
020 ## - INTERNATIONAL STANDARD BOOK NUMBER
International Standard Book Number 9780060110543 :
Terms of availability {dollar}12.50
040 ## - CATALOGING SOURCE
Original cataloging agency DLC
Transcribing agency DLC
Modifying agency DLC
043 ## - GEOGRAPHIC AREA CODE
Geographic area code n-us---
050 00 - LIBRARY OF CONGRESS CALL NUMBER
Classification number GV1132.D4
Item number A27 1977
082 00 - DEWEY DECIMAL CLASSIFICATION NUMBER
Classification number B
-- B
001 - CONTROL NUMBER
control field data
100 1# - MAIN ENTRY--PERSONAL NAME
Personal name Dempsey, Jack,
Dates associated with a name 1895-1983.
245 10 - TITLE STATEMENT
Title Dempsey /
Statement of responsibility, etc. Jack Dempsey & Barbara Piattelli Dempsey.
250 ## - EDITION STATEMENT
Edition statement 1st ed.
260 ## - PUBLICATION, DISTRIBUTION, ETC.
Place of publication, distribution, etc. New York :
Name of publisher, distributor, etc. Harper & Row,
Date of publication, distribution, etc. c1977.
300 ## - PHYSICAL DESCRIPTION
Extent xiii, 320 p., [12] leaves of plates :
Other physical details ill. ;
Dimensions 24 cm.
500 ## - GENERAL NOTE
General note Includes index.
600 10 - SUBJECT ADDED ENTRY--PERSONAL NAME
Personal name Dempsey, Jack,
Dates associated with a name 1895-1983.
650 #0 - SUBJECT ADDED ENTRY--TOPICAL TERM
Topical term or geographic name entry element Boxers (Sports)
Geographic subdivision United States
General subdivision Biography.
700 1# - ADDED ENTRY--PERSONAL NAME
Personal name Dempsey, Barbara Piattelli,
Relator term joint author.
Holdings
Withdrawn status Lost status Damaged status Not for loan Home library Current library Shelving location Date acquired Total checkouts Full call number Barcode Date last seen Price effective from Koha item type
        Fairview Fairview General stacks 22/03/2026   796.8/3/0924 B BC0010220 22/03/2026 22/03/2026 Books